000 00196nam a2200085Ia 4500
008 191206s9999 xx 000 0 und d
020 _a140017917
245 4 _aTHE POWER AND THE GLORY
260 _cc1940
999 _c17127
_d17127